Gandhi's autobiography: The story of my experiments with truth

সংরক্ষণ করুন:
গ্রন্থ-পঞ্জীর বিবরন
প্রধান লেখক: M. K. Gandhi
বিন্যাস: গ্রন্থ
ভাষা:Undetermined
প্রকাশিত: Washington Public Affairs Press 1948
বিষয়গুলি:
ট্যাগগুলো: ট্যাগ যুক্ত করুন
কোনো ট্যাগ নেই, প্রথমজন হিসাবে ট্যাগ করুন!
Thư viện lưu trữ: Trung tâm Học liệu Trường Đại học Cần Thơ
LEADER 00533nam a2200181Ia 4500
001 CTU_90773
008 210402s9999 xx 000 0 und d
082 |a 923.254 
082 |b G195 
100 |a M. K. Gandhi 
245 0 |a Gandhi's autobiography: 
245 4 |b The story of my experiments with truth 
245 0 |c M. K. Gandhi; Mahadev Desai trans 
260 |a Washington 
260 |b Public Affairs Press 
260 |c 1948 
650 |a autobiography,Mahatma Gandhi 
980 |a Trung tâm Học liệu Trường Đại học Cần Thơ